[Event "Amsterdam Science Park 2023"]
[Site "Science Park, Amsterdam, Netherlands"]
[Date "2023.07.21"]
[Round "7.7"]
[White "Van Zutphen, Jimmy"]
[Black "Elgersma, Onno"]
[Result "0-1"]
[WhiteElo "2067"]
[BlackElo "2265"]

1. d4 {[%clk 01:30:56]} {[%emt 00:00:03]} d5 {[%clk 01:30:47]} {[%emt
00:00:13]} 2. Bf4 {[%clk 01:31:16]} {[%emt 00:00:09]} Nf6 {[%clk 01:30:48]}
{[%emt 00:00:31]} 3. e3 {[%clk 01:31:04]} {[%emt 00:00:41]} e6 {[%clk
01:30:29]} {[%emt 00:00:48]} 4. Nd2 {[%clk 01:29:40]} {[%emt 00:01:55]} c5
{[%clk 01:29:54]} {[%emt 00:01:04]} 5. c3 {[%clk 01:29:27]} {[%emt 00:00:45]}
Nc6 {[%clk 01:29:35]} {[%emt 00:00:47]} 6. Bd3 {[%clk 01:28:45]} {[%emt
00:01:12]} Bd6 {[%clk 01:26:14]} {[%emt 00:03:51]} 7. Bxd6 {[%clk 01:24:55]}
{[%emt 00:04:21]} Qxd6 {[%clk 01:26:28]} {[%emt 00:00:16]} 8. f4 {[%clk
01:24:10]} {[%emt 00:01:15]} O-O {[%clk 01:22:00]} {[%emt 00:04:57]} 9. Ngf3
{[%clk 01:23:06]} {[%emt 00:01:34]} cxd4 {[%clk 01:18:37]} {[%emt 00:03:53]} 10.
cxd4 {[%clk 01:23:12]} {[%emt 00:00:24]} b6 {[%clk 01:18:48]} {[%emt 00:00:19]}
11. a3 {[%clk 01:23:01]} {[%emt 00:00:41]} Ne7 {[%clk 01:06:37]} {[%emt
00:12:41]} 12. Ne5 {[%clk 01:18:20]} {[%emt 00:05:11]} Bb7 {[%clk 01:00:12]}
{[%emt 00:06:56]} 13. Qf3 {[%clk 01:18:10]} {[%emt 00:00:39]} Rac8 {[%clk
00:55:13]} {[%emt 00:05:29]} 14. O-O {[%clk 01:12:35]} {[%emt 00:06:04]} h5
{[%clk 00:47:19]} {[%emt 00:08:26]} 15. Kh1 {[%clk 01:05:46]} {[%emt 00:07:19]}
Nf5 {[%clk 00:45:33]} {[%emt 00:02:17]} 16. g4 {[%clk 01:02:47]} {[%emt
00:03:29]} hxg4 {[%clk 00:41:37]} {[%emt 00:04:26]} 17. Nxg4 {[%clk 01:02:34]}
{[%emt 00:00:42]} Nxg4 {[%clk 00:41:26]} {[%emt 00:00:41]} 18. Qxg4 {[%clk
01:02:56]} {[%emt 00:00:09]} g6 {[%clk 00:41:36]} {[%emt 00:00:20]} 19. Rf3
{[%clk 00:56:45]} {[%emt 00:06:40]} Kg7 {[%clk 00:41:07]} {[%emt 00:00:59]} 20.
Rg1 {[%clk 00:55:56]} {[%emt 00:01:20]} Rh8 {[%clk 00:38:48]} {[%emt 00:02:49]}
21. Bxf5 {[%clk 00:52:14]} {[%emt 00:04:12]} exf5 {[%clk 00:39:12]} {[%emt
00:00:07]} 22. Qxf5 {[%clk 00:51:47]} {[%emt 00:00:57]} Qf6 {[%clk 00:33:56]}
{[%emt 00:05:44]} 23. Qd3 {[%clk 00:46:25]} {[%emt 00:05:53]} Rh5 {[%clk
00:32:20]} {[%emt 00:02:07]} 24. f5 {[%clk 00:37:59]} {[%emt 00:08:56]} Rch8
{[%clk 00:25:53]} {[%emt 00:06:56]} 25. Rg2 {[%clk 00:32:56]} {[%emt 00:05:33]}
g5 {[%clk 00:21:14]} {[%emt 00:05:10]} 26. Rfg3 {[%clk 00:27:11]} {[%emt
00:06:15]} Qe7 {[%clk 00:17:34]} {[%emt 00:04:07]} 27. f6+ {[%clk 00:23:29]}
{[%emt 00:04:14]} Kxf6 {[%clk 00:12:46]} {[%emt 00:05:19]} 28. Nf3 {[%clk
00:15:20]} {[%emt 00:08:39]} Qe4 {[%clk 00:12:43]} {[%emt 00:00:33]} 29. Qf1
{[%clk 00:12:16]} {[%emt 00:03:33]} Ke7 {[%clk 00:12:13]} {[%emt 00:01:00]} 30.
Rxg5 {[%clk 00:11:56]} {[%emt 00:00:51]} Bc8 {[%clk 00:10:59]} {[%emt
00:01:43]} 31. Re5+ {[%clk 00:06:08]} {[%emt 00:06:18]} Rxe5 {[%clk 00:11:24]}
{[%emt 00:00:05]} 32. Nxe5 {[%clk 00:06:10]} {[%emt 00:00:28]} Bf5 {[%clk
00:07:24]} {[%emt 00:04:29]} 33. Kg1 {[%clk 00:00:32]} {[%emt 00:06:08]} Qxe3+
{[%clk 00:07:35]} {[%emt 00:00:19]} 34. Qf2 {[%clk 00:00:49]} {[%emt 00:00:13]}
Qc1+ {[%clk 00:07:52]} {[%emt 00:00:13]} 35. Qf1 {[%clk 00:01:04]} {[%emt
00:00:15]} Qxf1+ {[%clk 00:07:57]} {[%emt 00:00:25]} 0-1

[Event "Amsterdam Science Park 2023"]
[Site "Science Park, Amsterdam, Netherlands"]
[Date "2023.07.21"]
[Round "7.8"]
[White "Merbis, Max"]
[Black "Labruyere, Roger"]
[Result "0-1"]
[WhiteElo "2057"]
[BlackElo "2191"]

1. d4 {[%clk 01:30:58]} {[%emt 00:00:01]} Nf6 {[%clk 01:30:56]} {[%emt
00:00:04]} 2. c4 {[%clk 01:31:25]} {[%emt 00:00:03]} c5 {[%clk 01:31:22]}
{[%emt 00:00:03]} 3. d5 {[%clk 01:31:39]} {[%emt 00:00:16]} b5 {[%clk
01:31:49]} {[%emt 00:00:04]} 4. cxb5 {[%clk 01:32:04]} {[%emt 00:00:07]} a6
{[%clk 01:32:16]} {[%emt 00:00:02]} 5. e3 {[%clk 01:31:56]} {[%emt 00:00:39]}
g6 {[%clk 01:32:37]} {[%emt 00:00:09]} 6. Nc3 {[%clk 01:31:57]} {[%emt
00:00:28]} Bg7 {[%clk 01:33:01]} {[%emt 00:00:05]} 7. Nf3 {[%clk 01:29:51]}
{[%emt 00:02:37]} O-O {[%clk 01:33:22]} {[%emt 00:00:09]} 8. a4 {[%clk
01:29:23]} {[%emt 00:00:58]} Bb7 {[%clk 01:29:10]} {[%emt 00:04:42]} 9. Bc4
{[%clk 01:19:15]} {[%emt 00:10:38]} d6 {[%clk 01:27:02]} {[%emt 00:02:38]} 10.
O-O {[%clk 01:15:35]} {[%emt 00:04:10]} Nbd7 {[%clk 01:27:25]} {[%emt
00:00:07]} 11. bxa6 {[%clk 01:01:51]} {[%emt 00:14:15]} Bxa6 {[%clk 01:25:20]}
{[%emt 00:02:35]} 12. Bxa6 {[%clk 01:00:48]} {[%emt 00:01:33]} Rxa6 {[%clk
01:25:45]} {[%emt 00:00:06]} 13. Qc2 {[%clk 00:57:28]} {[%emt 00:03:50]} Qa8
{[%clk 01:18:37]} {[%emt 00:07:37]} 14. e4 {[%clk 00:56:40]} {[%emt 00:01:17]}
Rb8 {[%clk 01:18:36]} {[%emt 00:00:32]} 15. Bd2 {[%clk 00:54:41]} {[%emt
00:02:28]} c4 {[%clk 01:17:20]} {[%emt 00:01:46]} 16. Nd4 {[%clk 00:48:32]}
{[%emt 00:06:39]} Nc5 {[%clk 01:09:56]} {[%emt 00:07:54]} 17. Ndb5 {[%clk
00:47:19]} {[%emt 00:01:43]} Rb7 {[%clk 00:56:02]} {[%emt 00:14:24]} 18. Be3
{[%clk 00:43:35]} {[%emt 00:04:13]} Nfd7 {[%clk 00:37:20]} {[%emt 00:19:11]} 19.
Ra3 {[%clk 00:39:21]} {[%emt 00:04:44]} Qb8 {[%clk 00:22:36]} {[%emt 00:15:14]}
20. Rb1 {[%clk 00:31:35]} {[%emt 00:08:16]} Bxc3 {[%clk 00:18:31]} {[%emt
00:04:34]} 21. Nxc3 {[%clk 00:20:19]} {[%emt 00:11:45]} Rb3 {[%clk 00:18:49]}
{[%emt 00:00:13]} 22. Ne2 {[%clk 00:14:33]} {[%emt 00:06:16]} Rxa3 {[%clk
00:06:49]} {[%emt 00:12:31]} 23. bxa3 {[%clk 00:14:55]} {[%emt 00:00:07]} Qa8
{[%clk 00:07:04]} {[%emt 00:00:15]} 24. Qxc4 {[%clk 00:11:26]} {[%emt
00:03:59]} Rxa4 {[%emt 00:00:09]} 25. Rb4 {[%clk 00:10:33]} {[%emt 00:01:22]}
Rxa3 {[%clk 00:07:34]} {[%emt 00:00:22]} 26. h3 {[%clk 00:10:55]} {[%emt
00:00:09]} Qa6 {[%clk 00:05:55]} {[%emt 00:02:09]} 27. Qxa6 {[%clk 00:09:21]}
{[%emt 00:02:03]} Rxa6 {[%clk 00:06:17]} {[%emt 00:00:09]} 28. f3 {[%clk
00:08:28]} {[%emt 00:01:23]} f6 {[%clk 00:03:51]} {[%emt 00:02:55]} 29. h4
{[%clk 00:06:35]} {[%emt 00:02:22]} Kf7 {[%clk 00:04:11]} {[%emt 00:00:11]} 30.
Nd4 {[%clk 00:04:46]} {[%emt 00:02:19]} Ra3 {[%clk 00:04:03]} {[%emt 00:00:36]}
31. Bf2 {[%clk 00:03:24]} {[%emt 00:01:54]} Ra1+ {[%clk 00:04:12]} {[%emt
00:00:20]} 32. Kh2 {[%clk 00:02:39]} {[%emt 00:01:15]} Nd3 {[%clk 00:04:36]}
{[%emt 00:00:06]} 33. Rb7 {[%clk 00:02:33]} {[%emt 00:00:37]} N7c5 {[%clk
00:04:59]} {[%emt 00:00:07]} 34. Rc7 {[%clk 00:02:51]} {[%emt 00:00:12]} Nxf2
{[%clk 00:05:18]} {[%emt 00:00:12]} 35. Nc6 {[%clk 00:03:13]} {[%emt 00:00:07]}
f5 {[%clk 00:03:53]} {[%emt 00:01:55]} 36. e5 {[%clk 00:01:35]} {[%emt
00:02:08]} dxe5 {[%clk 00:03:14]} {[%emt 00:01:09]} 37. d6 {[%clk 00:01:47]}
{[%emt 00:00:18]} Rh1+ {[%clk 00:01:24]} {[%emt 00:02:21]} 38. Kg3 {[%clk
00:02:10]} {[%emt 00:00:07]} Nfe4+ {[%clk 00:01:50]} {[%emt 00:00:03]} 39. fxe4
{[%clk 00:02:21]} {[%emt 00:00:18]} Nxe4+ {[%clk 00:02:18]} {[%emt 00:00:03]}
40. Kf3 {[%clk 00:02:38]} {[%emt 00:00:13]} Nxd6 {[%clk 00:02:39]} {[%emt
00:00:09]} 41. Rxe7+ {[%clk 00:30:21]} {[%emt 00:02:48]} Kf6 {[%clk 00:32:54]}
{[%emt 00:00:14]} 42. Rxh7 {[%clk 00:30:29]} {[%emt 00:00:22]} e4+ {[%clk
00:29:54]} {[%emt 00:03:29]} 43. Kf2 {[%clk 00:29:23]} {[%emt 00:01:36]} Rc1
{[%clk 00:28:45]} {[%emt 00:01:39]} 44. Nd4 {[%clk 00:27:48]} {[%emt 00:02:06]}
Nf7 {[%clk 00:27:27]} {[%emt 00:01:47]} 45. h5 {[%clk 00:25:32]} {[%emt
00:02:46]} Rd1 {[%clk 00:25:38]} {[%emt 00:02:19]} 46. Ne2 {[%clk 00:23:29]}
{[%emt 00:02:34]} g5 {[%clk 00:24:19]} {[%emt 00:01:48]} 47. Ng3 {[%clk
00:23:06]} {[%emt 00:00:53]} Rd7 {[%clk 00:18:49]} {[%emt 00:05:59]} 48. Nf1
{[%clk 00:16:07]} {[%emt 00:07:31]} f4 {[%clk 00:15:09]} {[%emt 00:04:09]} 49.
g3 {[%clk 00:12:35]} {[%emt 00:04:03]} Ne5 {[%clk 00:12:20]} {[%emt 00:03:19]}
50. Rh6+ {[%clk 00:07:11]} {[%emt 00:05:53]} Kf5 {[%clk 00:12:39]} {[%emt
00:00:11]} 51. Rh8 {[%clk 00:06:56]} {[%emt 00:00:45]} e3+ {[%clk 00:11:21]}
{[%emt 00:01:49]} 0-1

[Event "Amsterdam Science Park 2023"]
[Site "Science Park, Amsterdam, Netherlands"]
[Date "2023.07.21"]
[Round "7.9"]
[White "Van Baar, Esper"]
[Black "Hu, Yu A."]
[Result "0-1"]
[WhiteElo "2180"]
[BlackElo "2056"]

1. e4 {[%clk 01:30:58]} c5 {[%clk 01:30:42]} {[%emt 00:00:19]} 2. Nf3 {[%clk
01:31:22]} {[%emt 00:00:05]} d6 {[%clk 01:30:57]} {[%emt 00:00:15]} 3. Bb5+
{[%clk 01:31:47]} {[%emt 00:00:06]} Bd7 {[%clk 01:31:17]} {[%emt 00:00:09]} 4.
Bxd7+ {[%clk 01:32:11]} {[%emt 00:00:06]} Nxd7 {[%clk 01:31:42]} {[%emt
00:00:05]} 5. O-O {[%clk 01:32:35]} {[%emt 00:00:06]} Ngf6 {[%clk 01:31:59]}
{[%emt 00:00:13]} 6. d3 {[%clk 01:33:00]} {[%emt 00:00:06]} e6 {[%clk
01:20:50]} {[%emt 00:11:39]} 7. c4 {[%clk 01:33:10]} {[%emt 00:00:20]} Be7
{[%clk 01:20:48]} {[%emt 00:00:30]} 8. Nc3 {[%clk 01:33:25]} {[%emt 00:00:16]}
Ne5 {[%clk 01:18:16]} {[%emt 00:03:02]} 9. Ne1 {[%clk 01:33:42]} {[%emt
00:00:13]} O-O {[%clk 01:17:02]} {[%emt 00:01:43]} 10. f4 {[%clk 01:33:47]}
{[%emt 00:00:25]} Nc6 {[%clk 01:17:25]} {[%emt 00:00:06]} 11. Nf3 {[%clk
01:32:41]} {[%emt 00:01:37]} a6 {[%clk 01:10:14]} {[%emt 00:07:42]} 12. Kh1
{[%clk 01:32:17]} {[%emt 00:00:53]} Rb8 {[%clk 01:07:25]} {[%emt 00:03:20]} 13.
a4 {[%clk 01:32:30]} {[%emt 00:00:16]} Nb4 {[%clk 01:03:39]} {[%emt 00:04:16]}
14. d4 {[%clk 01:23:40]} {[%emt 00:09:20]} cxd4 {[%clk 01:02:59]} {[%emt
00:01:10]} 15. Nxd4 {[%clk 01:23:34]} {[%emt 00:00:36]} Rc8 {[%clk 00:41:37]}
{[%emt 00:21:52]} 16. Qb3 {[%clk 00:53:10]} {[%emt 00:30:54]} d5 {[%clk
00:36:15]} {[%emt 00:05:53]} 17. cxd5 {[%clk 00:53:01]} {[%emt 00:00:38]} exd5
{[%clk 00:36:41]} {[%emt 00:00:04]} 18. e5 {[%clk 00:53:07]} {[%emt 00:00:24]}
Ne4 {[%clk 00:37:03]} {[%emt 00:00:08]} 19. Be3 {[%clk 00:50:26]} {[%emt
00:03:10]} a5 {[%clk 00:28:17]} {[%emt 00:09:17]} 20. Rad1 {[%clk 00:48:20]}
{[%emt 00:02:36]} Nc5 {[%clk 00:28:38]} {[%emt 00:00:09]} 21. Qa3 {[%clk
00:47:40]} {[%emt 00:01:10]} Re8 {[%clk 00:07:54]} {[%emt 00:21:13]} 22. Qa1
{[%clk 00:45:55]} {[%emt 00:02:14]} Bf8 {[%clk 00:07:18]} {[%emt 00:01:07]} 23.
Qb1 {[%clk 00:41:11]} {[%emt 00:05:13]} Qd7 {[%clk 00:07:29]} {[%emt 00:00:19]}
24. b3 {[%clk 00:29:57]} {[%emt 00:11:44]} b6 {[%clk 00:07:29]} {[%emt
00:00:30]} 25. Rf3 {[%clk 00:25:34]} {[%emt 00:04:52]} Qb7 {[%clk 00:06:42]}
{[%emt 00:01:18]} 26. Ndb5 {[%clk 00:21:16]} {[%emt 00:04:48]} Rcd8 {[%clk
00:05:21]} {[%emt 00:01:51]} 27. Bd4 {[%clk 00:19:54]} {[%emt 00:01:52]} Ne6
{[%clk 00:05:27]} {[%emt 00:00:25]} 28. Bg1 {[%clk 00:18:19]} {[%emt 00:02:02]}
Nc5 {[%clk 00:05:20]} {[%emt 00:00:39]} 29. Nd4 {[%clk 00:15:02]} {[%emt
00:03:47]} Ne4 {[%clk 00:05:27]} {[%emt 00:00:23]} 30. Re3 {[%clk 00:12:17]}
{[%emt 00:03:15]} Bc5 {[%clk 00:03:27]} {[%emt 00:02:30]} 31. Nxe4 {[%clk
00:10:29]} {[%emt 00:02:18]} dxe4 {[%clk 00:03:54]} {[%emt 00:00:03]} 32. Rxe4
{[%clk 00:07:07]} {[%emt 00:03:53]} Na2 {[%clk 00:03:26]} {[%emt 00:00:58]} 33.
e6 {[%clk 00:01:20]} {[%emt 00:06:17]} fxe6 {[%clk 00:03:17]} {[%emt 00:00:39]}
34. b4 {[%clk 00:00:54]} {[%emt 00:00:56]} Nc3 {[%clk 00:03:07]} {[%emt
00:00:40]} 35. bxc5 {[%clk 00:00:38]} {[%emt 00:00:47]} Nxb1 {[%clk 00:03:32]}
{[%emt 00:00:05]} 36. Rxb1 {[%clk 00:00:59]} {[%emt 00:00:08]} Qxe4 {[%clk
00:03:57]} {[%emt 00:00:05]} 0-1

[Event "Amsterdam Science Park 2023"]
[Site "Science Park, Amsterdam, Netherlands"]
[Date "2023.07.21"]
[Round "7.10"]
[White "Boeren, Jurriaan"]
[Black "Shakhverdian, William"]
[Result "1/2-1/2"]
[WhiteElo "1987"]
[BlackElo "2129"]

1. e4 {[%clk 01:30:57]} {[%emt 00:00:01]} e5 {[%clk 01:30:54]} {[%emt
00:00:07]} 2. Nf3 {[%clk 01:31:24]} {[%emt 00:00:03]} Nc6 {[%clk 01:31:13]}
{[%emt 00:00:11]} 3. Bb5 {[%clk 01:31:48]} {[%emt 00:00:06]} a6 {[%clk
01:31:10]} {[%emt 00:00:33]} 4. Ba4 {[%clk 01:32:13]} {[%emt 00:00:06]} Nge7
{[%clk 01:30:58]} {[%emt 00:00:41]} 5. Nc3 {[%clk 01:28:02]} {[%emt 00:04:40]}
g6 {[%clk 01:25:43]} {[%emt 00:05:46]} 6. d4 {[%clk 01:13:57]} {[%emt
00:14:36]} b5 {[%clk 01:17:56]} {[%emt 00:08:17]} 7. Bb3 {[%clk 01:11:48]}
{[%emt 00:02:38]} exd4 {[%clk 01:17:03]} {[%emt 00:01:24]} 8. Nxd4 {[%clk
01:05:57]} {[%emt 00:06:22]} Bg7 {[%clk 01:16:02]} {[%emt 00:01:30]} 9. Be3
{[%clk 01:05:48]} {[%emt 00:00:39]} Na5 {[%clk 01:14:58]} {[%emt 00:01:33]} 10.
Nd5 {[%clk 00:55:56]} {[%emt 00:10:24]} Nxd5 {[%clk 01:08:50]} {[%emt
00:06:37]} 11. exd5 {[%clk 00:51:18]} {[%emt 00:05:08]} Bb7 {[%clk 01:06:40]}
{[%emt 00:02:41]} 12. Qd2 {[%clk 00:44:40]} {[%emt 00:07:08]} Nxb3 {[%clk
01:04:28]} {[%emt 00:02:42]} 13. axb3 {[%clk 00:44:55]} {[%emt 00:00:16]} O-O
{[%clk 01:04:15]} {[%emt 00:00:41]} 14. c4 {[%clk 00:43:46]} {[%emt 00:01:39]}
c6 {[%clk 01:02:07]} {[%emt 00:02:38]} 15. dxc6 {[%clk 00:42:01]} {[%emt
00:02:15]} dxc6 {[%clk 01:02:05]} {[%emt 00:00:32]} 16. c5 {[%clk 00:33:31]}
{[%emt 00:09:00]} Qd5 {[%clk 01:02:08]} {[%emt 00:00:27]} 17. O-O {[%clk
00:33:35]} {[%emt 00:00:25]} Rfd8 {[%clk 01:01:44]} {[%emt 00:00:54]} 18. Rfd1
{[%clk 00:32:39]} {[%emt 00:01:27]} Rd7 {[%clk 00:56:31]} {[%emt 00:05:44]} 19.
Qc2 {[%clk 00:22:35]} {[%emt 00:10:33]} Rad8 {[%clk 00:50:09]} {[%emt
00:06:52]} 20. Rd2 {[%clk 00:22:04]} {[%emt 00:01:02]} Qh5 {[%clk 00:43:18]}
{[%emt 00:07:20]} 21. Rad1 {[%clk 00:20:50]} {[%emt 00:01:44]} Rd5 {[%clk
00:38:40]} {[%emt 00:05:08]} 22. h3 {[%clk 00:15:11]} {[%emt 00:06:08]} h6
{[%clk 00:34:03]} {[%emt 00:05:07]} 23. b4 {[%clk 00:11:25]} {[%emt 00:04:17]}
Qe5 {[%clk 00:27:48]} {[%emt 00:06:43]} 24. b3 {[%clk 00:10:45]} {[%emt
00:01:11]} Kh7 {[%clk 00:21:51]} {[%emt 00:06:27]} 25. Ne2 {[%clk 00:08:09]}
{[%emt 00:03:06]} Bc8 {[%clk 00:18:25]} {[%emt 00:03:56]} 26. Nd4 {[%clk
00:06:17]} {[%emt 00:02:22]} Bb7 {[%clk 00:13:16]} {[%emt 00:05:39]} 27. Ne2
{[%clk 00:06:30]} {[%emt 00:00:17]} Bc8 {[%clk 00:13:39]} {[%emt 00:00:07]} 28.
Nd4 {[%emt 00:00:06]} 1/2-1/2

[Event "Amsterdam Science Park 2023"]
[Site "Science Park, Amsterdam, Netherlands"]
[Date "2023.07.21"]
[Round "7.11"]
[White "Snijders, Take"]
[Black "Duson, Robin"]
[Result "1/2-1/2"]
[WhiteElo "1873"]
[BlackElo "2177"]

1. e4 {[%clk 01:30:51]} {[%emt 00:00:07]} c5 {[%clk 01:30:56]} {[%emt
00:00:06]} 2. Nf3 {[%clk 01:31:13]} {[%emt 00:00:07]} e6 {[%clk 01:31:22]}
{[%emt 00:00:06]} 3. d4 {[%clk 01:31:33]} {[%emt 00:00:08]} cxd4 {[%clk
01:31:46]} {[%emt 00:00:06]} 4. Nxd4 {[%clk 01:31:56]} {[%emt 00:00:08]} Nc6
{[%clk 01:32:11]} {[%emt 00:00:06]} 5. Nc3 {[%clk 01:32:02]} {[%emt 00:00:24]}
Qc7 {[%clk 01:32:25]} {[%emt 00:00:17]} 6. Be3 {[%clk 01:32:15]} {[%emt
00:00:18]} a6 {[%clk 01:32:46]} {[%emt 00:00:09]} 7. g4 {[%clk 01:32:22]}
{[%emt 00:00:23]} Nxd4 {[%clk 01:31:42]} {[%emt 00:01:33]} 8. Qxd4 {[%clk
01:31:17]} {[%emt 00:01:35]} b5 {[%clk 01:31:44]} {[%emt 00:00:29]} 9. O-O-O
{[%clk 01:28:47]} {[%emt 00:03:00]} Bb7 {[%clk 01:31:45]} {[%emt 00:00:29]} 10.
Bg2 {[%clk 01:27:41]} {[%emt 00:01:35]} Rc8 {[%clk 01:20:52]} {[%emt 00:11:24]}
11. Qd2 {[%clk 01:25:11]} {[%emt 00:03:00]} Nf6 {[%clk 01:11:36]} {[%emt
00:09:47]} 12. g5 {[%clk 01:12:27]} {[%emt 00:13:14]} b4 {[%clk 01:03:33]}
{[%emt 00:08:33]} 13. Nd5 {[%clk 01:06:06]} {[%emt 00:06:51]} Nxd5 {[%clk
00:54:24]} {[%emt 00:09:38]} 14. exd5 {[%clk 01:06:24]} {[%emt 00:00:13]} Bd6
{[%clk 00:50:16]} {[%emt 00:04:38]} 15. Rhg1 {[%clk 00:46:47]} {[%emt
00:20:06]} exd5 {[%clk 00:45:40]} {[%emt 00:05:07]} 16. h4 {[%clk 00:41:26]}
{[%emt 00:05:52]} O-O {[%clk 00:42:22]} {[%emt 00:03:48]} 17. Kb1 {[%clk
00:40:17]} {[%emt 00:01:39]} Be5 {[%clk 00:35:26]} {[%emt 00:07:26]} 18. Rc1
{[%clk 00:34:52]} {[%emt 00:05:54]} Qa5 {[%clk 00:24:17]} {[%emt 00:11:38]} 19.
Bd4 {[%clk 00:32:57]} {[%emt 00:02:26]} Bxd4 {[%clk 00:23:32]} {[%emt
00:01:16]} 20. Qxd4 {[%clk 00:33:20]} {[%emt 00:00:06]} Rc4 {[%clk 00:22:49]}
{[%emt 00:01:13]} 21. Qd3 {[%clk 00:30:30]} {[%emt 00:03:20]} Qc5 {[%clk
00:22:38]} {[%emt 00:00:41]} 22. Rgf1 {[%clk 00:25:50]} {[%emt 00:05:11]} Bc6
{[%clk 00:17:53]} {[%emt 00:05:15]} 23. Qf5 {[%clk 00:22:28]} {[%emt 00:03:51]}
d4 {[%clk 00:14:42]} {[%emt 00:03:41]} 24. Qxc5 {[%clk 00:21:34]} {[%emt
00:01:24]} Rxc5 {[%clk 00:15:08]} {[%emt 00:00:05]} 25. Bxc6 {[%clk 00:17:05]}
{[%emt 00:04:59]} dxc6 {[%clk 00:15:31]} {[%emt 00:00:07]} 26. Rce1 {[%clk
00:15:47]} {[%emt 00:01:47]} f6 {[%clk 00:13:12]} {[%emt 00:02:48]} 27. gxf6
{[%clk 00:12:23]} {[%emt 00:03:54]} Rxf6 {[%clk 00:13:38]} {[%emt 00:00:05]} 28.
Re4 {[%clk 00:08:21]} {[%emt 00:04:32]} Rcf5 {[%clk 00:12:20]} {[%emt
00:01:47]} 29. Rxd4 {[%clk 00:07:34]} {[%emt 00:01:18]} Rxf2 {[%clk 00:12:35]}
{[%emt 00:00:15]} 30. Rxf2 {[%clk 00:08:01]} {[%emt 00:00:03]} Rxf2 {[%clk
00:13:00]} {[%emt 00:00:05]} 31. Kc1 {[%clk 00:08:21]} {[%emt 00:00:10]} a5
{[%clk 00:12:29]} {[%emt 00:01:01]} 32. a3 {[%clk 00:06:54]} {[%emt 00:01:58]}
bxa3 {[%clk 00:07:49]} {[%emt 00:05:10]} 33. bxa3 {[%clk 00:07:24]} Kf7 {[%clk
00:07:29]} {[%emt 00:00:51]} 34. Rc4 {[%clk 00:06:43]} {[%emt 00:01:11]} Rh2
{[%clk 00:07:03]} {[%emt 00:00:55]} 35. Kb2 {[%clk 00:06:01]} {[%emt 00:01:13]}
g6 {[%clk 00:05:14]} {[%emt 00:02:18]} 36. Kb3 {[%clk 00:05:29]} {[%emt
00:01:03]} Ke7 {[%clk 00:03:15]} {[%emt 00:02:29]} 37. Ka4 {[%clk 00:04:24]}
{[%emt 00:01:35]} 1/2-1/2